The Golly Sisters go West / (Record no. 4564)

MARC details
000 -LEADER
fixed length control field 01204pam a2200373 a 4500
001 - CONTROL NUMBER
control field 4564
003 - CONTROL NUMBER IDENTIFIER
control field FISKH
005 - DATE AND TIME OF LATEST TRANSACTION
control field 20240917083355.0
008 - FIXED-LENGTH DATA ELEMENTS--GENERAL INFORMATION
fixed length control field 840820s1985 nyua j 000 1 eng
010 ## - LIBRARY OF CONGRESS CONTROL NUMBER
LC control number 84048474
020 ## - INTERNATIONAL STANDARD BOOK NUMBER
International Standard Book Number 006020883X :
020 ## - INTERNATIONAL STANDARD BOOK NUMBER
International Standard Book Number 9780064441322
020 ## - INTERNATIONAL STANDARD BOOK NUMBER
International Standard Book Number 0060208848 (lib. bdg.) :
040 ## - CATALOGING SOURCE
Original cataloging agency DLC
Transcribing agency DLC
Modifying agency DLC
Language of cataloging eng
050 ## - LIBRARY OF CONGRESS CALL NUMBER
Classification number PZ7.B9836
082 ## - DEWEY DECIMAL CLASSIFICATION NUMBER
Classification number 428.6
100 1# - MAIN ENTRY--PERSONAL NAME
Personal name Byars, Betsy Cromer.
245 14 - TITLE STATEMENT
Title The Golly Sisters go West /
Statement of responsibility, etc. by Betsy Byars ; pictures by Sue Truesdell.
260 ## - PUBLICATION, DISTRIBUTION, ETC.
Place of publication, distribution, etc. New York :
Name of publisher, distributor, etc. Harper Collins,
Date of publication, distribution, etc. 1985.
300 ## - PHYSICAL DESCRIPTION
Extent 64 pages :
Other physical details color illustrations ;
Dimensions 22 cm
440 #3 - SERIES STATEMENT/ADDED ENTRY--TITLE
Title An I can read book
505 ## - FORMATTED CONTENTS NOTE
Formatted contents note I<br/>
520 ## - SUMMARY, ETC.
Summary, etc. May-May and Rose, the singing, dancing Golly sisters, travel west by covered wagon, entertaining people along the way.
521 8# - TARGET AUDIENCE NOTE
Target audience note 440<br/>
Source Lexile<br/>
521 8# - TARGET AUDIENCE NOTE
Target audience note I<br/>
Source Raz-Plus<br/><br/>
650 #0 - SUBJECT ADDED ENTRY--TOPICAL TERM
Topical term or geographic name entry element Children's stories, American.
650 #1 - SUBJECT ADDED ENTRY--TOPICAL TERM
Topical term or geographic name entry element Entertainers
General subdivision Fiction.
650 #1 - SUBJECT ADDED ENTRY--TOPICAL TERM
Topical term or geographic name entry element Frontier and pioneer life
General subdivision Fiction.
651 #1 - SUBJECT ADDED ENTRY--GEOGRAPHIC NAME
Geographic name West (U.S.)
General subdivision Fiction.
700 1# - ADDED ENTRY--PERSONAL NAME
Personal name Truesdell, Sue,
Relator term illustrator
906 ## - LOCAL DATA ELEMENT F, LDF (RLIN)
a 7
b cbc
c orignew
d 1
e ocip
f 19
g y-gencatlg
942 ## - ADDED ENTRY ELEMENTS (KOHA)
Source of classification or shelving scheme Dewey Decimal Classification
Koha item type Books
Suppress in OPAC No
Holdings
Withdrawn status Lost status Source of classification or shelving scheme Damaged status Not for loan Collection Home library Current library Shelving location Date acquired Total Checkouts Full call number Barcode Date last seen Price effective from Koha item type
    Dewey Decimal Classification     Juvenile Fiction Footprints International School Library Network Toul Kork Campus Footprints International School Library Network Toul Kork Campus TK Primary Library Room(4th Floor), Bookcase 1&2, Shelves 1-16, Dark Blue Books 09/17/2024   BYA 428.6 PZ7.B9836 FISTK01135 09/17/2024 09/17/2024 Books